000 00962naa a2200241 4500
005 20090526150823.0
008 080822t xxu||||| |||| 00| 0 eng d
010 _aENG-93739
020 _a9788131305287
_c495.00
035 _aEN-77272
037 _bDBAD / PUB
040 _adpl
_bEnglish
082 _a338.4791068
100 _aJavaid Akhtar
245 _aTourism management in India /
_cby Javaid Akhtar
260 _aNew Delhi
_bAPH Publishing Corporatioon
_c2009
270 _a4435-36/7, Ansari Road, Darya Ganj
_bNew Delhi
_e110 002
_maphbooks@vsnl.net
_k011 23274050
300 _ax, 173p.
_b22cm(Hb)
500 _aIncludes bibliographical references and index
650 _aTourism
_xManagement
_zIndia
942 _adpl
_cEN
_2ddc
_h338.4791068
_mJAV
999 _c26823
_d26823